| 000 | 00520nam a2200169 i 4500 | ||
|---|---|---|---|
| 001 | 92371 | ||
| 003 | ES-MaACL | ||
| 005 | 20230906180945.0 | ||
| 007 | t| | ||
| 008 | 050307s1913 cl ||||1| spa d | ||
| 080 | _a821.134.2(83)-14"19" | ||
| 100 | 1 |
_aLillo, Samuel A. _972292 |
|
| 245 | 1 | 0 |
_aCanto a la América Latina / _cpor Samuel A. Lillo. |
| 260 |
_aSantiago de Chile : _b[s.n.], _c1913 ( _fImprenta Cervantes) |
||
| 300 |
_a32 p. ; _c22 cm. |
||
| 852 |
_aES-MaACL _jT-1351-F-1 _z.- Dedicatoria manuscrita del autor |
||
| 999 |
_c92371 _d92371 |
||